00527nam a22001817a 450000500170000001000150001702000260003203500140005803700090007208200080008110000240008924500640011325000060017726000530018327000680023630000250030450000160032920250717160005.0 aENG-146025 a9789325975514c275.00 aEN-129557 bDBAD a500 aBhui, Bikas Chandra aMathematics II:bSubject Code MA131201/cBikas Chandra Bhui a1 aNew DelhibVikas Publishing House Pvt. Ltdc2007 a576, Masjid Road, Jangpura, New Delhi-110014bNew Delhie110014 axii, 416p.c22cm(pb) aSemester II